Foundations Of Financial Management (Record no. 142521)

MARC details
000 -LEADER
fixed length control field 00369pam a2200145 a 4500
020 ## - INTERNATIONAL STANDARD BOOK NUMBER
International Standard Book Number 13:978-0-07-133263-7
Terms of availability
041 ## - LANGUAGE CODE
Language code of original
082 ## - DEWEY DECIMAL CLASSIFICATION NUMBER
Classification number 657.15
Item number BLO/HIR
100 ## - MAIN ENTRY--PERSONAL NAME
Personal name Block Stanley B,
Relator term hI,
245 ## - TITLE STATEMENT
Title Foundations Of Financial Management
250 ## - EDITION STATEMENT
Edition statement 13th.
260 ## - PUBLICATION, DISTRIBUTION, ETC.
Place of publication, distribution, etc. Delhi
Name of publisher, distributor, etc. Tata McGraw Hill Publishing Company Limited
300 ## - PHYSICAL DESCRIPTION
Extent 665.
930 ## - EQUIVALENCE OR CROSS-REFERENCE-UNIFORM TITLE HEADING [LOCAL, CANADA]
Uniform title 23717
Holdings
Withdrawn status Lost status Damaged status Not for loan Collection Home library Current library Date acquired Source of acquisition Cost, normal purchase price Total Checkouts Full call number Barcode Date last seen Copy number Price effective from Koha item type
          Institute of Management & Entrepreneurship Development, Pune Institute of Management & Entrepreneurship Development, Pune 05/11/2011 Bharati Madhyavarti Sahakari Grahak Bhandar Ltd. 570.00   657.15 BLO/HIR IMP-IM-43484 01/03/2023 1 01/03/2023 Book